Ear, nose, and throat and head and neck surgery (Record no. 415)

000 -LEADER
fixed length control field 01658nam a22004337a 4500
001 - CONTROL NUMBER
control field 847528991
003 - CONTROL NUMBER IDENTIFIER
control field OCoLC
005 - DATE AND TIME OF LATEST TRANSACTION
control field 20241110164815.0
006 - FIXED-LENGTH DATA ELEMENTS--ADDITIONAL MATERIAL CHARACTERISTICS
fixed length control field m o d
007 - PHYSICAL DESCRIPTION FIXED FIELD--GENERAL INFORMATION
fixed length control field cr |||
008 - FIXED-LENGTH DATA ELEMENTS--GENERAL INFORMATION
fixed length control field 130610s2013 stka o 001 0 eng
020 ## - INTERNATIONAL STANDARD BOOK NUMBER
Canceled/invalid ISBN 9780702044199
035 ## - SYSTEM CONTROL NUMBER
System control number (OCoLC)847528991
040 ## - CATALOGING SOURCE
Original cataloging agency ABH
Transcribing agency ABH
Modifying agency U9S
-- OPELS
041 ## - LANGUAGE CODE
Language code of text/sound track or separate title eng
049 ## - LOCAL HOLDINGS (OCLC)
Holding library YYEA
-- VZYM
080 ## - UNIVERSAL DECIMAL CLASSIFICATION NUMBER
Universal Decimal Classification number 616.21
Item number D-52
096 ## - LOCALLY ASSIGNED NLM-TYPE CALL NUMBER (OCLC)
Classification number INTERNET LINK
100 1# - MAIN ENTRY--PERSONAL NAME
Personal name Dhillon, R. S.
245 10 - TITLE STATEMENT
Title Ear, nose, and throat and head and neck surgery
Remainder of title an illustrated colour text /
Statement of responsibility, etc. R.S. Dhillon, C.A. East.
250 ## - EDITION STATEMENT
Edition statement 4th ed.
260 ## - PUBLICATION, DISTRIBUTION, ETC.
Place of publication, distribution, etc. Edinburgh :
Name of publisher, distributor, etc. Elsevier,
Date of publication, distribution, etc. 2013.
300 ## - PHYSICAL DESCRIPTION
Extent 1 online resource : 123 p.
Other physical details illustrations.
500 ## - GENERAL NOTE
General note Includes index.
500 ## - GENERAL NOTE
General note EINSTEIN: available online via Clinical Key. See Reference staff for assistance.
500 ## - GENERAL NOTE
General note MMC: available online via Clinical Key. See Reference for assistance.
505 0# - FORMATTED CONTENTS NOTE
Formatted contents note The ear -- Nose and paranasal sinuses -- Basic concepts -- Head and neck neoplasia.
588 ## - SOURCE OF DESCRIPTION NOTE
Source of description note Description based on print version record.
650 12 - SUBJECT ADDED ENTRY--TOPICAL TERM
Topical term or geographic name entry element Otorhinolaryngologic Diseases
General subdivision diagnosis.
650 12 - SUBJECT ADDED ENTRY--TOPICAL TERM
Topical term or geographic name entry element Otorhinolaryngologic Diseases
General subdivision therapy.
650 22 - SUBJECT ADDED ENTRY--TOPICAL TERM
Topical term or geographic name entry element Head
General subdivision surgery.
650 22 - SUBJECT ADDED ENTRY--TOPICAL TERM
Topical term or geographic name entry element Neck
General subdivision surgery.
653 ## - INDEX TERM--UNCONTROLLED
Uncontrolled term ოტორინოლარინგოლოგია
653 ## - INDEX TERM--UNCONTROLLED
Uncontrolled term ქირურგია
655 #7 - INDEX TERM--GENRE/FORM
Genre/form data or focus term Electronic books.
700 1# - ADDED ENTRY--PERSONAL NAME
Personal name East, C. A.
776 08 - ADDITIONAL PHYSICAL FORM ENTRY
Relationship information Print version:
Main entry heading Dhillon, R. S.
Title Ear, nose, and throat and head and neck surgery: an illustrated colour text.
Place, publisher, and date of publication Edinburgh : Elsevier, 2013
International Standard Book Number 9780702044199
Record control number (OCoLC)794603183.
942 ## - ADDED ENTRY ELEMENTS (KOHA)
Source of classification or shelving scheme
Koha item type Books
Edition 4
Holdings
Withdrawn status Lost status Source of classification or shelving scheme Damaged status Not for loan Permanent location Current location Date acquired Inventory number Total Checkouts Full call number Barcode Date last seen Price effective from Koha item type
          Ken Walker International University Ken Walker International University 11/25/2020 1065   616.21 D-52 1065 11/25/2020 11/25/2020 Books

Powered by Koha